000 00358nam a22001457a 4500
008 230217b |||||||| |||| 00| 0 eng d
020 _a9788178084695
082 _a823.7 SHE
100 _aShelly, Mary.
245 _aFrankenstein
_cShelly, Mary.
260 _aLondon ;
_bYORK PRESS,
_c1831.
300 _a92 p.
_c25 cm
942 _2ddc
999 _c10108
_d10109